| 000 | 00728nam a2200265Ia 4500 | ||
|---|---|---|---|
| 003 | OSt | ||
| 005 | 20220928130348.0 | ||
| 006 | a|||||r|||| 00| 0 | ||
| 007 | ta | ||
| 008 | 220927b |||||||| |||| 00| 0 eng d | ||
| 020 | _c4900.2309999999998 | ||
| 024 | _a119077 | ||
| 037 |
_b72, 22/08/2013, Vardhman Books _cTextual |
||
| 040 |
_aSDCL _cSDCL _beng |
||
| 041 |
_2eng _aeng |
||
| 082 | _aX65:8, Q3 | ||
| 100 |
_aSinclair Euan _9459908 |
||
| 245 | 0 | _aVolatility trading . | |
| 250 | _a2nd | ||
| 260 |
_aHoboken _bWiley _c2013 |
||
| 300 |
_axx;291p. _ccm. |
||
| 650 | _aFinancial Studies | ||
| 942 |
_hX65:8, Q3 _cTEXL _2CC |
||
| 999 |
_c786275 _d786275 |
||